| 000 | 00705nam a22001937a 4500 | ||
|---|---|---|---|
| 999 |
_c180508 _d180508 |
||
| 005 | 20210901121434.0 | ||
| 010 | _aUR-11185 | ||
| 020 |
_c500.00 _a- |
||
| 035 | _aU-9740 | ||
| 037 | _bDBAD/PUB | ||
| 082 | _a270 | ||
| 100 | _aمحمد يو سف لد ھيا نو ی | ||
| 245 |
_a شيعہ سنی ا ختلا فا ت ا و ر صر ا ط مستقيم _cمحمد يو سف لد ھيا نو ی |
||
| 246 |
_aShia Sunni Ikhtlafat Aur Syrat-e-Mustaqeem (Urdu) _bby Mohd. Yusuf Ludhianvi |
||
| 260 |
_aDeoband _cN.A. ء _bMaktaba Darul Uloom |
||
| 270 |
_aMaktaba Darul Uloom Deoband, _bUttar pardesh _e247554 _l- |
||
| 300 |
_a568 ص _c22 Cm(Hb) |
||
| 942 |
_2ddc _cUR _h270 _mم ح م |
||